Spell the Marvel Character #416 - Statistics

General Stats
  • This quiz has been taken 9 times
  • The average score is 7 of 10
Answer Stats
Picture Answer % Correct
Thor (Jane Foster)
100%
Rom the Spaceknight
89%
Stinger
89%
Anarchist
78%
Colleen Wing
78%
Inferno
78%
Nakia
78%
Hornet
67%
Anthem
56%
Aralune
33%
No matching quizzes found
Score Distribution
Percent of People with Each Score
Percentile by Number Answered
Your Score History
You have not taken this quiz